Biomedical signal processing : Principles and techniques
Spremljeno u:
| Glavni autor: | |
|---|---|
| Format: | Knjiga |
| Jezik: | Undetermined |
| Izdano: |
Boston
Mc Graw Hill
2005
|
| Teme: | |
| Oznake: |
Dodaj oznaku
Bez oznaka, Budi prvi tko označuje ovaj zapis!
|
| Thư viện lưu trữ: | Trung tâm Học liệu Trường Đại học Cần Thơ |
|---|
| LEADER | 00648nam a2200217Ia 4500 | ||
|---|---|---|---|
| 001 | CTU_100138 | ||
| 008 | 210402s9999 xx 000 0 und d | ||
| 020 | |c 319000 | ||
| 082 | |a 610.28 | ||
| 082 | |b R313 | ||
| 100 | |a Reddy, D. C. | ||
| 245 | 0 | |a Biomedical signal processing : | |
| 245 | 0 | |b Principles and techniques | |
| 245 | 0 | |c D. C. Reddy | |
| 260 | |a Boston | ||
| 260 | |b Mc Graw Hill | ||
| 260 | |c 2005 | ||
| 650 | |a Signal processing,Biomedical engineering,Signal processing, computer,Models, biological,Biomedical engineering | ||
| 650 | |x Assisted | ||
| 904 | |i Hiếu | ||
| 980 | |a Trung tâm Học liệu Trường Đại học Cần Thơ | ||